00469 2200181 4500245007000000020002200070250001100092100003000103700001700133700001600150650001100166005001900177260003000196041001400226084001300240300002500253336000900278 aKoreksi Kesalahan Shalat WanitacAbu Hudzaifah Ath-ThalibihText a978-602-8975-14-8 aCet. 1 aAbu Hudzaifah Ath-Thalibi aFaris Des@in aUmmu Aisyah aShalat a20241018130659 aJawa TengahbZamzamc2015 aIndonesia a297.3822 a140 hlm. :c20,5 cm. atext